000 00452nam a22001937a 4500
003 MPLRDC
005 20220104113608.0
008 210129b ||||| |||| 00| 0 eng d
020 _a957-8765-38-X
082 _a295 LDJS
100 _a龙德居士 编著
245 _a实用灵符秘典
_c
250 _a初版
260 _a台湾
_b宏文出版社
_c1996
300 _b251
490 _a巫术丛书
650 _a巫术
942 _cBK
_o295 LDJS
999 _c855
_d845